|
|
|
|
| LEADER |
03478nam a22003973i 4500 |
| 001 |
EBC6422715 |
| 003 |
MiAaPQ |
| 005 |
20231204023215.0 |
| 006 |
m o d | |
| 007 |
cr cnu|||||||| |
| 008 |
231204s2019 xx o ||||0 eng d |
| 020 |
|
|
|a 9783030108229
|q (electronic bk.)
|
| 020 |
|
|
|z 9783030108212
|
| 035 |
|
|
|a (MiAaPQ)EBC6422715
|
| 035 |
|
|
|a (Au-PeEL)EBL6422715
|
| 035 |
|
|
|a (OCoLC)1083760953
|
| 040 |
|
|
|a MiAaPQ
|b eng
|e rda
|e pn
|c MiAaPQ
|d MiAaPQ
|
| 050 |
|
4 |
|a QH84-198
|
| 100 |
1 |
|
|a Middelburg, Jack J.
|
| 245 |
1 |
0 |
|a Marine Carbon Biogeochemistry :
|b A Primer for Earth System Scientists.
|
| 250 |
|
|
|a 1st ed.
|
| 264 |
|
1 |
|a Cham :
|b Springer International Publishing AG,
|c 2019.
|
| 264 |
|
4 |
|c ©2019.
|
| 300 |
|
|
|a 1 online resource (126 pages)
|
| 336 |
|
|
|a text
|b txt
|2 rdacontent
|
| 337 |
|
|
|a computer
|b c
|2 rdamedia
|
| 338 |
|
|
|a online resource
|b cr
|2 rdacarrier
|
| 490 |
1 |
|
|a SpringerBriefs in Earth System Sciences Series
|
| 505 |
0 |
|
|a Intro -- Preface -- Contents -- Symbols -- 1 Introduction -- 1.1 From Geochemistry and Microbial Ecology to Biogeochemistry -- 1.2 Focus on Carbon Processing in the Sea -- 1.3 A 101 Budget for Organic Carbon in the Ocean -- References -- 2 Primary Production: From Inorganic to Organic Carbon -- 2.1 Primary Producers -- 2.2 The Basics (For Individuals and Populations) -- 2.2.1 Maximum Growth Rate (µ) -- 2.2.2 Temperature Effect on Primary Production -- 2.2.3 Light -- 2.2.4 Nutrient Limitation -- 2.3 From Theory and Axenic Mono-Cultures to Mixed Communities in the Field -- 2.3.1 Does Diversity Matter or Not? -- 2.3.2 Chl the Biomass Proxy -- 2.3.3 Light Distribution -- 2.4 Factors Governing Primary Production -- 2.4.1 Depth Distribution of Primary Production -- 2.4.2 Depth-Integrated Production -- 2.4.3 Critical Depths -- References -- 3 The Return from Organic to Inorganic Carbon -- 3.1 Carbon Consumption Pathway in the Euphotic Zone -- 3.2 Factors Governing Export of Organic Matter -- 3.3 Particulate Organic Carbon Fluxes in Ocean Interior -- References -- 4 Carbon Processing at the Seafloor -- 4.1 Organic Matter Supply to Sediments -- 4.2 The Consumers -- 4.3 Organic Carbon Degradation in Sediments -- 4.4 Consequences for Sediment Biogeochemistry -- 4.5 Factors Governing Organic Carbon Burial -- References -- 5 Biogeochemical Processes and Inorganic Carbon Dynamics -- 5.1 The Basics -- 5.2 The Thermodynamic Basis -- 5.3 Analytical Parameters of the CO2 System -- 5.4 Buffering -- 5.5 Carbonate Mineral Equilibria -- 5.6 Dissolved Inorganic Carbon Systematics -- 5.7 The Impact of Biogeochemical Processes -- References -- 6 Organic Matter is more than CH2O -- 6.1 Redfield Organic Matter -- 6.2 Non-redfield Organic Matter -- 6.3 Organic Matter is Food -- 6.4 Compositional Changes During Organic Matter Degradation -- References.
|
| 588 |
|
|
|a Description based on publisher supplied metadata and other sources.
|
| 590 |
|
|
|a Electronic reproduction. Ann Arbor, Michigan : ProQuest Ebook Central, 2023. Available via World Wide Web. Access may be limited to ProQuest Ebook Central affiliated libraries.
|
| 655 |
|
4 |
|a Electronic books.
|
| 776 |
0 |
8 |
|i Print version:
|a Middelburg, Jack J.
|t Marine Carbon Biogeochemistry
|d Cham : Springer International Publishing AG,c2019
|z 9783030108212
|
| 797 |
2 |
|
|a ProQuest (Firm)
|
| 830 |
|
0 |
|a SpringerBriefs in Earth System Sciences Series
|
| 856 |
4 |
0 |
|u https://ebookcentral.proquest.com/lib/matrademy/detail.action?docID=6422715
|z Click to View
|